Informe final de evaluación quinquenal correspondiente al Instituto Superior de Formación Docente Salomé Ureña (Record no. 8476)
[ view plain ]
| 000 -LEADER | |
|---|---|
| campo de control de longitud fija | 00564nam a2200145Ia 4500 |
| 001 - NÚMERO DE CONTROL | |
| campo de control | 3299 |
| 008 - DATOS DE LONGITUD FIJA--INFORMACIÓN GENERAL | |
| campo de control de longitud fija | 241024s9999 xx 000 0 und d |
| 082 ## - NÚMERO DE LA CLASIFICACIÓN DECIMAL DEWEY | |
| Número de clasificación | RD/374.72/R426i/2004-2008 |
| 100 ## - ENTRADA PRINCIPAL--NOMBRE DE PERSONA | |
| Nombre de persona | República Dominicana. Secretaría de Estado de Educación Superior, Ciencia y Tecnología (SEESCYT) |
| 245 #0 - MENCIÓN DEL TÍTULO | |
| Título | Informe final de evaluación quinquenal correspondiente al Instituto Superior de Formación Docente Salomé Ureña |
| 260 ## - PUBLICACIÓN, DISTRIBUCIÓN, ETC. | |
| Nombre del editor, distribuidor, etc. | Comisión de Evaluación Quinquenal de la SEESCYT |
| Fecha de publicación, distribución, etc. | 2008 |
| 590 ## - NOTA LOCAL (RLIN) | |
| Nota local | si |
| 901 ## - ELEMENTOS DE DATOS A LOCAL LDA (RLIN) | |
| a | 19/9/2013 3:45:06 p.m. |
No items available.